[Event "Bristol Summer 2017 Fide Open"]
[Site "Bristol"]
[Date "2017.06.11"]
[Round "4.2"]
[White "Stranger, Morris"]
[Black "Hill, Alistair"]
[Result "0-1"]
[WhiteElo "2095"]
[BlackElo "2193"]
[PlyCount "94"]
[EventDate "2017.06.09"]
[EventCountry "ENG"]

1. d4 Nf6 2. Bf4 c5 3. c3 Qb6 4. Qc2 cxd4 5. cxd4 Nc6 6. e3 d6 7. Nd2 g6 8.
Ngf3 Bf5 9. Qb3 Qxb3 10. axb3 Nd5 11. Bg3 Ndb4 12. Rc1 Nd3+ 13. Bxd3 Bxd3 14.
Nc4 Bg7 15. Kd2 Bf5 16. Nh4 Be6 17. f4 O-O 18. Ke2 Rac8 19. Ra1 d5 20. Nd2 a6
21. Rhc1 Nb4 22. Nhf3 Bd7 23. Ne1 Bb5+ 24. Kd1 f6 25. Ndf3 Kf7 26. Rc3 Ke6 27.
Kd2 Rc6 28. Nc2 Nxc2 29. Kxc2 Rfc8 30. Kd2 Bf8 31. Rac1 Kf7 32. Be1 e6 33. Kd1
Bd6 34. g4 h6 35. h4 Bf1 36. R1c2 Bh3 37. g5 Bg4 38. Ke2 hxg5 39. hxg5 fxg5 40.
Rxc6 bxc6 41. fxg5 Ke7 42. Kf2 Rf8 43. Rxc6 Rxf3+ 44. Ke2 Rh3+ 45. Kd3 Bf5+ 46.
Kd2 Bb4+ 47. Ke2 Bxe1 0-1

[Event "Bristol Summer 2017 Fide Open"]
[Site "Bristol"]
[Date "2017.06.11"]
[Round "4.3"]
[White "Krzyzanowski, Patryk"]
[Black "Moore, Graham J"]
[Result "0-1"]
[WhiteElo "2065"]
[BlackElo "2119"]
[PlyCount "120"]
[EventDate "2017.06.09"]
[EventCountry "ENG"]

1. c4 e5 2. Nc3 Bb4 3. Nf3 Bxc3 4. bxc3 d6 5. c5 Nc6 6. cxd6 cxd6 7. g3 Nge7 8.
Bg2 O-O 9. O-O h6 10. Ba3 Qc7 11. Rb1 Rb8 12. d3 Rd8 13. Qa4 Bd7 14. Rfc1 b6
15. Qc2 Rbc8 16. Nd2 Be6 17. Ra1 Bg4 18. Qd1 d5 19. h3 Be6 20. Nf3 f6 21. Qd2
Qd7 22. Kh2 Rc7 23. Bb2 Na5 24. Nh4 g5 25. Nf3 Nf5 26. Qd1 Nd6 27. Nd2 Qf7 28.
Nb3 Ndb7 29. Qh1 Rcd7 30. Nd2 Qh5 31. Nf3 Nc5 32. Qf1 Rc8 33. Ba3 Ncb7 34. Kg1
Rdc7 35. Bb2 Nc5 36. g4 Qe8 37. Qe1 Na4 38. Qd2 Qe7 39. Rab1 Nc6 40. Ba1 Kg7
41. Qd1 Nc5 42. d4 exd4 43. Nxd4 Nxd4 44. Qxd4 Ne4 45. Bxe4 Rc4 46. Qe3 Rxe4
47. Qd2 Bxg4 48. hxg4 Qe5 49. e3 Rxg4+ 50. Kf1 Qf5 51. Rb4 Rg3 52. Ke1 Rg2 53.
c4 Qf3 54. Qb2 Rg1+ 55. Kd2 Qxf2+ 56. Kd3 Qf5+ 57. Kc3 Rxc1+ 58. Qxc1 a5 59.
Ra4 b5 60. Qa3 b4+ 0-1

[Event "Bristol Summer 2017 Fide Open"]
[Site "Bristol"]
[Date "2017.06.11"]
[Round "4.4"]
[White "Dilleigh, Stephen P"]
[Black "Beaumont, Chris R"]
[Result "1/2-1/2"]
[WhiteElo "2053"]
[BlackElo "2289"]
[PlyCount "68"]
[EventDate "2017.06.09"]
[EventCountry "ENG"]

1. Nf3 Nf6 2. c4 g6 3. Nc3 c5 4. e4 Nc6 5. d4 cxd4 6. Nxd4 d6 7. Be2 Nxd4 8.
Qxd4 Bg7 9. Bg5 O-O 10. Qd2 Qa5 11. f3 Be6 12. Rc1 Rfc8 13. b3 a6 14. Na4 Qxd2+
15. Kxd2 Nd7 16. g4 f6 17. Be3 f5 18. exf5 gxf5 19. h3 Rf8 20. f4 Rad8 21. Rhd1
Nf6 22. g5 Ne4+ 23. Ke1 Bd7 24. Nb6 Bc6 25. Nd5 Rd7 26. Nb6 Rdd8 27. Nd5 Rd7
28. Nb6 Rc7 29. Nd5 Bxd5 30. Rxd5 Bc3+ 31. Kf1 Ng3+ 32. Kf2 Nxe2 33. Kxe2 Bb4
34. Bd2 Bxd2 1/2-1/2

[Event "Bristol Summer 2017 Fide Open"]
[Site "Bristol"]
[Date "2017.06.11"]
[Round "4.5"]
[White "Moore, Geoffrey R"]
[Black "Kett, Timothy J"]
[Result "1/2-1/2"]
[WhiteElo "2010"]
[BlackElo "2221"]
[PlyCount "50"]
[EventDate "2017.06.09"]
[EventCountry "ENG"]

1. e4 e5 2. f4 d5 3. exd5 c6 4. Qe2 cxd5 5. fxe5 Nc6 6. Nf3 Bg4 7. Qf2 Bxf3 8.
Qxf3 Qh4+ 9. g3 Qd4 10. Bg2 O-O-O 11. Qf4 f6 12. exf6 Qxf4 13. gxf4 Nxf6 14.
Nc3 d4 15. Ne4 Nb4 16. Kd1 d3 17. cxd3 Nxd3 18. Nxf6 gxf6 19. Kc2 Bh6 20. Be4
Nxc1 21. Raxc1 Bxf4 22. Rcd1 Rhe8 23. d3 Re7 24. Rdf1 Rc7+ 25. Kb1 Be5 1/2-1/2

[Event "Bristol Summer 2017 Fide Open"]
[Site "Bristol"]
[Date "2017.06.11"]
[Round "4.6"]
[White "Villiers, Thomas"]
[Black "Morris, Gareth L"]
[Result "1-0"]
[WhiteElo "2124"]
[BlackElo "2059"]
[PlyCount "63"]
[EventDate "2017.06.09"]
[EventCountry "ENG"]

1. e4 c5 2. Nf3 Nc6 3. d4 cxd4 4. Nxd4 e5 5. Nb5 d6 6. N1c3 a6 7. Na3 b5 8. Nd5
Nce7 9. c4 Nxd5 10. exd5 bxc4 11. Nxc4 Nf6 12. Be3 Rb8 13. Be2 Be7 14. O-O O-O
15. a4 Bb7 16. Nb6 Nd7 17. a5 Nxb6 18. axb6 f5 19. f3 Qd7 20. Qb3 Ra8 21. Ra5
Bd8 22. Rfa1 Qf7 23. Bxa6 Rb8 24. Bxb7 Rxb7 25. Ra7 f4 26. Rxb7 Qxb7 27. Ra7
Qb8 28. Bf2 Bf6 29. b7 Qc7 30. Qc3 Qb8 31. Qc6 Bh4 32. Ra8 1-0

[Event "Bristol Summer 2017 Fide Open"]
[Site "Bristol"]
[Date "2017.06.11"]
[Round "4.7"]
[White "Nendick, Philip Hc"]
[Black "Martin, Lewis"]
[Result "0-1"]
[WhiteElo "1998"]
[BlackElo "2089"]
[PlyCount "60"]
[EventDate "2017.06.09"]
[EventCountry "ENG"]

1. d4 d5 2. c4 c6 3. Nc3 Nf6 4. Nf3 dxc4 5. a4 Bf5 6. e3 e6 7. Bxc4 Bb4 8. O-O
Nbd7 9. Qe2 Bg6 10. Bd2 O-O 11. Ne4 Bxd2 12. Nexd2 Qc7 13. a5 Bh5 14. Qd3 Rad8
15. Qc3 Rfe8 16. b4 e5 17. dxe5 Nxe5 18. Nxe5 Rxe5 19. f4 Re7 20. Rae1 Qd6 21.
Nf3 Ne4 22. Qc2 Bxf3 23. Rxf3 Qxb4 24. Rd1 Rxd1+ 25. Qxd1 Qxa5 26. Rh3 Rd7 27.
Qb1 Nf6 28. Bd3 g6 29. Rf3 c5 30. Rf2 Qc3 0-1

[Event "Bristol Summer 2017 Fide Open"]
[Site "Bristol"]
[Date "2017.06.11"]
[Round "4.8"]
[White "Timmins, Chris P"]
[Black "Bicknell, Carl"]
[Result "0-1"]
[WhiteElo "1792"]
[BlackElo "2087"]
[PlyCount "75"]
[EventDate "2017.06.09"]
[EventCountry "ENG"]

1. e4 c5 2. b3 Nc6 3. Bb2 a6 4. a4 Nf6 5. Nc3 e6 6. f4 d5 7. e5 Ng8 8. Nf3 Nge7
9. g3 b6 10. Bg2 Bb7 11. O-O Nf5 12. g4 Nh4 13. Nxh4 Qxh4 14. h3 g5 15. f5
O-O-O 16. Nb1 h5 17. d3 hxg4 18. Qxg4 Qxg4 19. hxg4 Rh4 20. fxe6 fxe6 21. Rf6
Re8 22. Nd2 Rxg4 23. Nf3 d4 24. Nh2 Rg3 25. Nf1 Rg4 26. Nh2 Rxg2+ 27. Kxg2 Nb4+
28. Kg1 Nxc2 29. Raf1 Bg7 30. Bc1 Bxf6 31. exf6 Ne3 32. Bxe3 dxe3 33. Re1 Rf8
34. Rxe3 Rxf6 35. Ng4 Rf3 36. Rxe6 Rg3+ 37. Kf2 Rxg4 38. Rxb6 0-1

[Event "Bristol Summer 2017 Fide Open"]
[Site "Bristol"]
[Date "2017.06.11"]
[Round "4.9"]
[White "Littlewood, Paul E"]
[Black "Thorpe, Thomas G"]
[Result "1-0"]
[WhiteElo "2370"]
[BlackElo "1878"]
[PlyCount "35"]
[EventDate "2017.06.09"]
[EventCountry "ENG"]

1. d4 c5 2. d5 f5 3. Nc3 g6 4. h4 Nf6 5. e4 Nxe4 6. Nxe4 fxe4 7. h5 Rg8 8. Nh3
e5 9. Ng5 h6 10. Nxe4 g5 11. Qf3 Bg7 12. Bxg5 hxg5 13. h6 Bh8 14. d6 Qa5+ 15.
c3 g4 16. Qf5 Rf8 17. Qg6+ Kd8 18. Qg5+ 1-0

[Event "Bristol Summer 2017 Fide Open"]
[Site "Bristol"]
[Date "2017.06.11"]
[Round "4.10"]
[White "French, Max"]
[Black "Girdlestone, Paul C"]
[Result "1-0"]
[WhiteElo "1970"]
[BlackElo "2072"]
[PlyCount "59"]
[EventDate "2017.06.09"]
[EventCountry "ENG"]

1. d4 Nf6 2. c4 e6 3. Nf3 b6 4. g3 Ba6 5. b3 d5 6. Nbd2 Bd6 7. Bg2 h5 8. Qc2
Nc6 9. Bb2 Rb8 10. a3 Na5 11. c5 bxc5 12. dxc5 Be7 13. Ne5 Ng4 14. b4 Bf6 15.
Ndf3 Nc4 16. Nc6 Qc8 17. Bxf6 gxf6 18. Nxb8 Qxb8 19. Nd4 Bb7 20. c6 Bc8 21. h3
Qb6 22. Qc3 Nge5 23. b5 Rg8 24. a4 h4 25. g4 Nxg4 26. hxg4 Rxg4 27. Nf3 Rxg2
28. e3 Qc5 29. Rxh4 Qf8 30. Qxf6 1-0

[Event "Bristol Summer 2017 Fide Open"]
[Site "Bristol"]
[Date "2017.06.11"]
[Round "4.11"]
[White "Turner, Joseph D"]
[Black "Prasse, Philipp"]
[Result "0-1"]
[WhiteElo "1945"]
[BlackElo "2009"]
[PlyCount "86"]
[EventDate "2017.06.09"]
[EventCountry "ENG"]

1. e4 c6 2. Nc3 d5 3. Nf3 Nf6 4. e5 Ne4 5. Qe2 Nxc3 6. dxc3 Bg4 7. h3 Bxf3 8.
Qxf3 e6 9. Qg3 Nd7 10. Be3 Qc7 11. f4 O-O-O 12. b4 c5 13. Bd2 f6 14. exf6 Nxf6
15. Qe3 Ne4 16. Bd3 Nxd2 17. Qxd2 Bd6 18. O-O c4 19. Be2 Rhf8 20. Bg4 Bxf4 21.
Qd4 Kb8 22. Bxe6 Rde8 23. Rfe1 Bg3 24. Re2 Rf6 25. Bg4 Rxe2 26. Bxe2 Bf2+ 27.
Qxf2 Rxf2 28. Kxf2 Qf4+ 29. Bf3 Qd2+ 30. Kf1 Qxc3 31. Rd1 d4 32. Be4 h6 33. b5
Kc7 34. b6+ axb6 35. a4 Kd6 36. Bxb7 Qxc2 37. Rxd4+ Kc5 38. Rd5+ Kb4 39. Bc6 c3
40. Rb5+ Ka3 41. a5 Qd3+ 42. Ke1 c2 43. axb6 c1=Q+ 0-1

[Event "Bristol Summer 2017 Fide Open"]
[Site "Bristol"]
[Date "2017.06.11"]
[Round "4.12"]
[White "Lee, Anthony Kh"]
[Black "Mascunano, Juan"]
[Result "1-0"]
[WhiteElo "1975"]
[BlackElo "1637"]
[Annotator "Tipper, Dave"]
[PlyCount "82"]
[EventDate "2017.06.09"]
[EventCountry "ENG"]

1. e4 c5 2. Nf3 d6 3. d4 cxd4 4. Nxd4 Nf6 5. Nc3 a6 6. Bg5 e6 7. f4 Nbd7 8. Qf3
Qc7 9. O-O-O b5 10. Bd3 b4 11. Nd5 Nxd5 12. exd5 Bb7 13. Rhe1 Nc5 14. Bf5 Be7
15. Nxe6 Nxe6 16. Bxe6 Bxg5 17. fxg5 fxe6 18. Rxe6+ Kd8 19. Qf4 Kd7 20. Rde1
Kd8 21. Rxd6+ Kc8 22. Qg4+ Kb8 23. Rd7 Qb6 24. Ree7 Ra7 25. Rxg7 Qg1+ 26. Kd2
Qf2+ 27. Kd3 Qf1+ 28. Qe2 Qf5+ 29. Kd2 Rc8 30. Kd1 a5 31. Qd2 Qf1+ 32. Qe1 Qxg2
33. Qe5+ Ka8 34. Qe2 Qg1+ 35. Kd2 Qd4+ 36. Kc1 Qg1+ 37. Qd1 Qe3+ 38. Kb1 a4 39.
Rc7 Re8 40. d6 b3 41. d7 bxc2+ {Black lost on time} 1-0

[Event "Bristol Summer 2017 Fide Open"]
[Site "Bristol"]
[Date "2017.06.11"]
[Round "4.13"]
[White "Bennett, Dominic L"]
[Black "Dunn, Alan"]
[Result "1-0"]
[WhiteElo "1941"]
[BlackElo "2072"]
[PlyCount "89"]
[EventDate "2017.06.09"]
[EventCountry "ENG"]

1. Nf3 Nf6 2. c4 d6 3. d4 g6 4. Nc3 Bg7 5. h3 O-O 6. Bg5 Nbd7 7. Qd2 c5 8. d5
a6 9. e4 b5 10. cxb5 axb5 11. Bxb5 Ba6 12. Bxa6 Rxa6 13. O-O Nb6 14. Rac1 Nfd7
15. b3 Re8 16. Bh6 Bf6 17. Nh2 c4 18. Ng4 Bh8 19. Be3 cxb3 20. axb3 Nc5 21. Rb1
Ra3 22. Nb5 Rxb3 23. Rxb3 Nxb3 24. Qd1 Nc5 25. Qf3 f6 26. Rc1 Nbd7 27. Nh6+ Kf8
28. Nd4 e5 29. Nc6 Qa8 30. Ng4 Bg7 31. h4 h5 32. Nh2 Qa4 33. Bxc5 Nxc5 34. Re1
Qb3 35. Qxb3 Nxb3 36. Nf1 Bh6 37. Ne3 Nc5 38. Nc4 Ra8 39. Nxd6 Ra4 40. Rb1 Nxe4
41. Rb8+ Kg7 42. Nxe4 Rxe4 43. d6 Re1+ 44. Kh2 e4 45. Rb7+ 1-0

[Event "Bristol Summer 2017 Fide Open"]
[Site "Bristol"]
[Date "2017.06.11"]
[Round "4.14"]
[White "Littleton, Mark"]
[Black "Coleman, David J"]
[Result "0-1"]
[WhiteElo "1889"]
[BlackElo "2141"]
[PlyCount "92"]
[EventDate "2017.06.09"]
[EventCountry "ENG"]

1. d4 Nf6 2. Nf3 g6 3. Bg5 Bg7 4. Nbd2 d5 5. e3 O-O 6. Be2 b6 7. O-O Bb7 8. c3
Nbd7 9. a4 a6 10. b4 Qe8 11. Bf4 Ne4 12. Nxe4 dxe4 13. Nd2 e5 14. Bg3 f5 15. f3
f4 16. Bf2 exd4 17. cxd4 exf3 18. Bxf3 Bxf3 19. Nxf3 fxe3 20. Qb3+ Qf7 21.
Qxf7+ Rxf7 22. Bxe3 Re8 23. Rae1 Rfe7 24. Bf2 Rxe1 25. Rxe1 Rxe1+ 26. Bxe1 Nf6
27. b5 axb5 28. axb5 Kf7 29. Kf1 Ke6 30. Ke2 Ne4 31. Bb4 Kd5 32. Kd3 g5 33. h3
h5 34. Be7 g4 35. hxg4 hxg4 36. Ne5 Bxe5 37. dxe5 Kxe5 38. Bd8 Nc5+ 39. Kc4 Ne6
40. Bh4 Nf4 41. Bg3 Ke4 42. Kb3 Nd5 43. Kc4 Nf4 44. Kc3 Nxg2 45. Bxc7 Nf4 46.
Bxb6 Nd5+ 0-1

[Event "Bristol Summer 2017 Fide Open"]
[Site "Bristol"]
[Date "2017.06.11"]
[Round "4.15"]
[White "Jukes, Sam"]
[Black "Meek, Stephen J"]
[Result "0-1"]
[WhiteElo "1742"]
[BlackElo "1983"]
[PlyCount "94"]
[EventDate "2017.06.09"]
[EventCountry "ENG"]

1. e4 c6 2. d4 d5 3. exd5 cxd5 4. Nf3 Nc6 5. Bd3 Bg4 6. c3 e6 7. Bf4 Bd6 8. Bg3
Rb8 9. Nbd2 Nf6 10. Qc2 Bh5 11. Bh4 Bg6 12. O-O O-O 13. Bxg6 hxg6 14. Ng5 Qc7
15. Ndf3 Ne7 16. Rae1 Nf5 17. Bg3 b5 18. Ne5 Nxd4 19. Qd3 Nf5 20. Nxg6 fxg6 21.
Nxe6 Qc4 22. Qxc4 bxc4 23. Nxf8 Kxf8 24. Bxd6+ Nxd6 25. Re2 Nde4 26. f3 Nc5 27.
Kf2 a5 28. Ke3 Kf7 29. Rb1 a4 30. g4 g5 31. Kd2 a3 32. Kc2 axb2 33. Rxb2 Ra8
34. Kb1 Ra3 35. Rb5 Nfd7 36. Kb2 Ra6 37. Kc1 Nd3+ 38. Kb1 N7c5 39. Rb8 Ra3 40.
Rc8 Rxc3 41. Rc7+ Kg6 42. Rc2 Ra3 43. Re2 Ra6 44. Ree7 Ne6 45. Rcd7 Ndf4 46.
Kb2 d4 47. Re8 Rc6 0-1

[Event "Bristol Summer 2017 Fide Open"]
[Site "Bristol"]
[Date "2017.06.11"]
[Round "4.16"]
[White "Musson, Adam J"]
[Black "Purry, Chris S"]
[Result "1-0"]
[WhiteElo "2086"]
[BlackElo "1796"]
[PlyCount "65"]
[EventDate "2017.06.09"]
[EventCountry "ENG"]

1. d4 d5 2. c4 e6 3. Nf3 c5 4. cxd5 exd5 5. Nc3 Nc6 6. g3 Nf6 7. Bg2 Be7 8. O-O
O-O 9. dxc5 Bxc5 10. Na4 Be7 11. Be3 Re8 12. Bc5 Bxc5 13. Nxc5 Qe7 14. Rc1 Qxe2
15. Qb3 Qe7 16. Rfe1 Qf8 17. Rxe8 Qxe8 18. Nxb7 Bxb7 19. Qxb7 Na5 20. Qa6 Qd8
21. b3 Nd7 22. Bh3 Qb6 23. Rc8+ Rxc8 24. Qxc8+ Nf8 25. Ne5 Qd6 26. Qe8 Qc7 27.
Bd7 Qd6 28. Qxf7+ Kh8 29. Qe8 Kg8 30. Bh3 g6 31. Nd7 Kg7 32. Nxf8 Qxf8 33. Qe5+
1-0

[Event "Bristol Summer 2017 Fide Open"]
[Site "Bristol"]
[Date "2017.06.11"]
[Round "4.17"]
[White "Livesey, R  Nigel"]
[Black "Rodriguez, Juan Talavera"]
[Result "1/2-1/2"]
[WhiteElo "1814"]
[BlackElo "1987"]
[PlyCount "40"]
[EventDate "2017.06.09"]
[EventCountry "ENG"]

1. c4 Nf6 2. g3 e5 3. Bg2 d5 4. cxd5 Nxd5 5. Nc3 Nb6 6. Nf3 Nc6 7. d3 Be7 8.
O-O O-O 9. Be3 Rb8 10. Rc1 Be6 11. Ne4 f6 12. a3 Nd4 13. b4 Bb3 14. Qd2 Bf7 15.
Bxd4 exd4 16. Qb2 f5 17. Nc5 Bf6 18. Nb3 Na4 19. Qc2 Nb6 20. Qb2 Na4 1/2-1/2

[Event "Bristol Summer 2017 Fide Open"]
[Site "Bristol"]
[Date "2017.06.11"]
[Round "4.18"]
[White "Fathallah, Joe"]
[Black "Price, Andrew"]
[Result "1/2-1/2"]
[WhiteElo "1925"]
[BlackElo "1805"]
[PlyCount "96"]
[EventDate "2017.06.09"]
[EventCountry "ENG"]

1. d4 d5 2. c4 c6 3. Nc3 Nf6 4. Nf3 dxc4 5. a4 Bf5 6. e3 e6 7. Bxc4 a5 8. O-O
Nbd7 9. Qe2 Ne4 10. Nd2 Ndf6 11. Ndxe4 Nxe4 12. f3 Nf6 13. Rd1 Be7 14. e4 Bg6
15. Be3 O-O 16. Rac1 Bb4 17. d5 cxd5 18. exd5 exd5 19. Nxd5 Nxd5 20. Bxd5 Qe7
21. Qf2 Rac8 22. b3 h6 23. Bc4 Rfd8 24. g3 Ba3 25. Ra1 Bb2 26. Qxb2 Qxe3+ 27.
Qf2 Qxf2+ 28. Kxf2 Bc2 29. Re1 Rd2+ 30. Re2 Rcd8 31. Ra2 Rxe2+ 32. Kxe2 Bf5 33.
Rd2 Rxd2+ 34. Kxd2 Kf8 35. Kc3 Bd7 36. Kd4 b6 37. Kd5 Ke7 38. Bb5 Bxb5 39. axb5
Kd7 40. f4 h5 41. f5 Kc7 42. h3 Kd7 43. Ke5 Kc7 44. g4 hxg4 45. hxg4 Kd7 46. g5
Ke7 47. Kd5 Kd7 48. Ke5 Ke7 1/2-1/2

[Event "Bristol Summer 2017 Fide Open"]
[Site "Bristol"]
[Date "2017.06.11"]
[Round "4.19"]
[White "Matei, Ciprian"]
[Black "Fowler, Hugo"]
[Result "1/2-1/2"]
[WhiteElo "1880"]
[BlackElo "1713"]
[PlyCount "127"]
[EventDate "2017.06.09"]
[EventCountry "ENG"]

1. e4 e5 2. Nf3 Nc6 3. Bb5 a6 4. Ba4 Nf6 5. O-O b5 6. Bb3 Bc5 7. Nxe5 Nxe5 8.
d4 Bxd4 9. Qxd4 d6 10. Nc3 c5 11. Qd1 c4 12. f4 Qb6+ 13. Kh1 Neg4 14. Qe2 O-O
15. h3 Nh6 16. f5 Bb7 17. Bxh6 gxh6 18. Qd2 Nxe4 19. Nxe4 Bxe4 20. Qxh6 f6 21.
Rf4 Qb7 22. Kh2 cxb3 23. axb3 d5 24. Re1 Kh8 25. Re3 Qg7 26. Qxg7+ Kxg7 27. c4
Rfe8 28. cxd5 Bxd5 29. Rg3+ Kf7 30. Rh4 Rh8 31. Rd4 Bc6 32. Rgd3 Rhg8 33. g4
Rge8 34. Kg3 Re7 35. Rd6 Rc8 36. h4 Rcc7 37. g5 fxg5 38. hxg5 Red7 39. Rf6+ Kg7
40. Re3 Rf7 41. Rxf7+ Kxf7 42. Rc3 Rc8 43. Kf4 Bb7 44. Rh3 Kg8 45. Rd3 Rc7 46.
Ke5 Re7+ 47. Kf6 Rf7+ 48. Ke5 Kg7 49. Rd6 Bc8 50. f6+ Kg6 51. Rd8 Bh3 52. Rg8+
Kh5 53. Rg7 Rf8 54. Rxh7+ Kxg5 55. Rxh3 Rxf6 56. Kd5 Rf2 57. Kc5 Rxb2 58. Kb6
Ra2 59. Rf3 Kg4 60. Rf8 Ra3 61. b4 Ra4 62. Kc5 a5 63. Kxb5 Rxb4+ 64. Kxa5
1/2-1/2

[Event "Bristol Summer 2017 Fide Open"]
[Site "Bristol"]
[Date "2017.06.11"]
[Round "5.1"]
[White "Arkell, Keith C"]
[Black "Hill, Alistair"]
[Result "1-0"]
[WhiteElo "2411"]
[BlackElo "2193"]
[PlyCount "99"]
[EventDate "2017.06.09"]
[EventCountry "ENG"]

1. d4 Nf6 2. Nf3 e6 3. c4 c5 4. d5 exd5 5. cxd5 d6 6. Nc3 g6 7. g3 Bg7 8. Bg2
O-O 9. O-O Re8 10. Nd2 a6 11. a4 Nbd7 12. Nc4 Ne5 13. Nxe5 Rxe5 14. Bf4 Re8 15.
Qc2 Ng4 16. Rab1 Ne5 17. b4 c4 18. a5 Bd7 19. Qd2 Rc8 20. Bh6 Bh8 21. h3 f5 22.
Bg5 Bf6 23. Bxf6 Qxf6 24. f4 Nf7 25. Rbd1 b6 26. axb6 Rb8 27. Qd4 Qxd4+ 28.
Rxd4 Bb5 29. e4 Rxb6 30. Ra1 fxe4 31. Bxe4 Rc8 32. Kf2 Bd7 33. h4 Rxb4 34. Rxa6
Rb3 35. Nd1 c3 36. Bc2 Rb5 37. Ne3 Rb2 38. Kf3 Bb5 39. Ra7 Re8 40. Bd3 Ne5+ 41.
fxe5 dxe5 42. Rc4 Bxc4 43. Bxc4 c2 44. Ra1 e4+ 45. Kf4 Rf8+ 46. Ke5 Rf2 47. d6+
Kf8 48. Bd5 Rf5+ 49. Nxf5 Rb1 50. Ra8+ 1-0

[Event "Bristol Summer 2017 Fide Open"]
[Site "Bristol"]
[Date "2017.06.11"]
[Round "5.2"]
[White "Moore, Graham J"]
[Black "Villiers, Thomas"]
[Result "1-0"]
[WhiteElo "2119"]
[BlackElo "2124"]
[PlyCount "121"]
[EventDate "2017.06.09"]
[EventCountry "ENG"]

1. e4 Nf6 2. e5 Nd5 3. d4 d6 4. Nf3 dxe5 5. Nxe5 c6 6. Be2 Bf5 7. O-O Nd7 8.
Nf3 e6 9. c4 N5f6 10. Nc3 Bd6 11. d5 cxd5 12. cxd5 exd5 13. Nxd5 O-O 14. Ne3
Bxh2+ 15. Nxh2 Be6 16. b3 Qe7 17. Nc4 b5 18. Qd6 Qd8 19. Ne5 Nxe5 20. Qxe5 Re8
21. Qxb5 Nd5 22. Bf3 Nc3 23. Qb4 Rc8 24. Bb2 a5 25. Qf4 Qd3 26. Bxc3 Rxc3 27.
Rfd1 Qg6 28. Rac1 Rc2 29. Be4 Rxc1 30. Rxc1 Qh5 31. Bf3 Qg6 32. Be4 Qh5 33. Nf3
a4 34. Bc6 Rc8 35. Qxa4 g5 36. Rc5 h6 37. Qd4 Qg6 38. Be4 Rxc5 39. Bxg6 Rc1+
40. Kh2 fxg6 41. Qe3 Rc6 42. Nd4 Rd6 43. Qxe6+ Rxe6 44. Nxe6 g4 45. Kg3 h5 46.
Nf4 g5 47. Nxh5 Kf7 48. Kxg4 Ke6 49. Kxg5 Kd5 50. f4 Kd4 51. f5 Ke3 52. f6 Kd2
53. f7 Kc1 54. f8=Q Kb2 55. Qc8 Ka3 56. Qc4 Kb2 57. b4 Ka1 58. b5 Kb1 59. b6
Kb2 60. b7 Ka3 61. Qb3# 1-0

[Event "Bristol Summer 2017 Fide Open"]
[Site "Bristol"]
[Date "2017.06.11"]
[Round "5.3"]
[White "Martin, Lewis"]
[Black "Stranger, Morris"]
[Result "1-0"]
[WhiteElo "2089"]
[BlackElo "2095"]
[PlyCount "59"]
[EventDate "2017.06.09"]
[EventCountry "ENG"]

1. e4 e6 2. d4 d5 3. Nd2 dxe4 4. Nxe4 Nd7 5. Nf3 Ngf6 6. Bd3 Be7 7. O-O O-O 8.
Re1 b6 9. Ne5 Bb7 10. Nxf6+ Nxf6 11. Re3 c5 12. c3 cxd4 13. cxd4 Qd5 14. Rg3
Rfd8 15. Be3 Bc5 16. Bg5 Qxd4 17. Bxf6 Qxf2+ 18. Kh1 Qxf6 19. Qh5 Bd6 20. Ng4
Qxb2 21. Nh6+ Kh8 22. Nxf7+ Kg8 23. Rf1 Bxg3 24. Qxh7+ Kf8 25. Ne5+ Bf2 26.
Qh8+ Ke7 27. Qxg7+ Kd6 28. Nc4+ Kc5 29. Nxb2 Bd4 30. Rc1+ 1-0

[Event "Bristol Summer 2017 Fide Open"]
[Site "Bristol"]
[Date "2017.06.11"]
[Round "5.4"]
[White "Littlewood, Paul E"]
[Black "Dilleigh, Stephen P"]
[Result "1/2-1/2"]
[WhiteElo "2370"]
[BlackElo "2053"]
[PlyCount "62"]
[EventDate "2017.06.09"]
[EventCountry "ENG"]

1. d4 d5 2. c4 e6 3. Nc3 Nf6 4. cxd5 exd5 5. Bg5 c6 6. e3 Be7 7. Bd3 Nbd7 8.
Nge2 Nf8 9. Qc2 Ne6 10. h4 h6 11. Bf4 Nxf4 12. Nxf4 Bd6 13. O-O-O Bxf4 14. exf4
O-O 15. f3 Qd6 16. g3 Bd7 17. Rhe1 Rfe8 18. Re5 Rac8 19. Kb1 c5 20. dxc5 Rxc5
21. Qe2 Rec8 22. g4 Qb6 23. g5 Rxc3 24. gxf6 gxf6 25. Rxd5 Ba4 26. Bh7+ Kxh7
27. Qe4+ Kg7 28. Qxa4 R3c4 29. Qd7 Qe3 30. Qg4+ Kh7 31. Qf5+ Kg7 1/2-1/2

[Event "Bristol Summer 2017 Fide Open"]
[Site "Bristol"]
[Date "2017.06.11"]
[Round "5.6"]
[White "Moore, Geoffrey R"]
[Black "Reznak, Attila"]
[Result "0-1"]
[WhiteElo "2010"]
[BlackElo "2283"]
[PlyCount "48"]
[EventDate "2017.06.09"]
[EventCountry "ENG"]

1. e4 c5 2. Nc3 d6 3. g3 Nc6 4. Bg2 Nf6 5. d3 e6 6. Nge2 Be7 7. O-O O-O 8. f4
Qc7 9. h3 Rb8 10. g4 b5 11. Ng3 b4 12. Nce2 Nd7 13. Kh1 Nd4 14. Ng1 Bh4 15. c3
bxc3 16. bxc3 Bxg3 17. cxd4 cxd4 18. g5 e5 19. f5 Ba6 20. Ne2 Bh4 21. Rf3 Rfc8
22. Bd2 Qc2 23. Rf1 Bxd3 24. Rg1 Qxd1 0-1

[Event "Bristol Summer 2017 Fide Open"]
[Site "Bristol"]
[Date "2017.06.11"]
[Round "5.7"]
[White "Kett, Timothy J"]
[Black "French, Max"]
[Result "1/2-1/2"]
[WhiteElo "2221"]
[BlackElo "1970"]
[PlyCount "36"]
[EventDate "2017.06.09"]
[EventCountry "ENG"]

1. e4 c6 2. d4 d5 3. exd5 cxd5 4. c4 Nf6 5. Nc3 Nc6 6. Nf3 g6 7. c5 Bg7 8. Be2
O-O 9. O-O b6 10. Ne5 Bb7 11. Bf4 bxc5 12. dxc5 d4 13. Nxc6 Bxc6 14. Nb5 Ne4
15. Qc2 e5 16. f3 Bxb5 17. Bxb5 d3 18. Qc4 exf4 1/2-1/2

[Event "Bristol Summer 2017 Fide Open"]
[Site "Bristol"]
[Date "2017.06.11"]
[Round "5.8"]
[White "Bicknell, Carl"]
[Black "Bennett, Dominic L"]
[Result "1-0"]
[WhiteElo "2087"]
[BlackElo "1941"]
[PlyCount "59"]
[EventDate "2017.06.09"]
[EventCountry "ENG"]

1. e4 d5 2. exd5 Nf6 3. d4 Bg4 4. f3 Bf5 5. g4 Bd7 6. c4 g6 7. Nc3 Bg7 8. Qb3
Qc8 9. Bf4 O-O 10. O-O-O a5 11. Nge2 a4 12. Qc2 e6 13. Ng3 a3 14. b3 Na6 15. g5
Ne8 16. h4 c5 17. Be5 f6 18. gxf6 Bh6+ 19. Kb1 cxd4 20. Rxd4 Nb4 21. Qe2 Ra5
22. h5 Nxd5 23. Nxd5 exd5 24. hxg6 Bf5+ 25. Ka1 Bxg6 26. Rxh6 dxc4 27. Qxc4+
Bf7 28. Qxc8 Rxe5 29. Qc1 Re1 30. Qxe1 1-0

[Event "Bristol Summer 2017 Fide Open"]
[Site "Bristol"]
[Date "2017.06.11"]
[Round "5.9"]
[White "Prasse, Philipp"]
[Black "Krzyzanowski, Patryk"]
[Result "0-1"]
[WhiteElo "2009"]
[BlackElo "2065"]
[PlyCount "70"]
[EventDate "2017.06.09"]
[EventCountry "ENG"]

1. e4 c5 2. c3 g6 3. d4 cxd4 4. cxd4 d5 5. e5 Bg7 6. Nc3 Nc6 7. Bb5 Bd7 8. Nf3
a6 9. Bxc6 Bxc6 10. O-O Nh6 11. Re1 O-O 12. Bf4 f6 13. Qd2 g5 14. exf6 exf6 15.
Nxg5 fxg5 16. Bxg5 Qd6 17. Be7 Qf4 18. Rad1 Qxd2 19. Rxd2 Rfe8 20. Kf1 Nf5 21.
Bc5 Rxe1+ 22. Kxe1 Re8+ 23. Kf1 Bf6 24. g4 Nh4 25. Re2 Nf3 26. Rxe8+ Bxe8 27.
Nxd5 Nxh2+ 28. Kg2 Nxg4 29. Kg3 Bf7 30. Nxf6+ Nxf6 31. a3 Ne4+ 32. Kf3 Nxc5 33.
dxc5 Kg7 34. Kf4 Bb3 35. Kg5 a5 0-1

[Event "Bristol Summer 2017 Fide Open"]
[Site "Bristol"]
[Date "2017.06.11"]
[Round "5.10"]
[White "Coleman, David J"]
[Black "Nendick, Philip Hc"]
[Result "1/2-1/2"]
[WhiteElo "2141"]
[BlackElo "1998"]
[PlyCount "86"]
[EventDate "2017.06.09"]
[EventCountry "ENG"]

1. e4 e5 2. Nf3 Nc6 3. d4 exd4 4. Bc4 Nf6 5. e5 d5 6. Bb5 Ne4 7. Nxd4 Bd7 8.
Bxc6 bxc6 9. O-O Be7 10. f3 Nc5 11. f4 Ne4 12. f5 Bc5 13. Nc3 O-O 14. Nxe4 dxe4
15. Kh1 Bxd4 16. Qxd4 Bxf5 17. Qxd8 Raxd8 18. Bg5 f6 19. exf6 Rd5 20. c4 Re5
21. Bd2 Bg6 22. Bc3 Re6 23. fxg7 Rxf1+ 24. Rxf1 Bf7 25. Re1 Bg6 26. Re3 Rd6 27.
Kg1 Rd3 28. Kf2 a6 29. g4 h6 30. h4 Kf7 31. h5 Bh7 32. Rxd3 exd3 33. Ke3 c5 34.
a3 c6 35. b4 cxb4 36. axb4 Kg8 37. Kf4 d2 38. Bxd2 Kxg7 39. Bc3+ Kf7 40. g5
hxg5+ 41. Kxg5 Bd3 42. h6 Kg8 43. c5 Kf7 1/2-1/2